Detalles MARC
| 000 -LEADER |
| fixed length control field |
01879nam a2200361 i 4500 |
| 001 - CONTROL NUMBER |
| control field |
000009164 |
| 003 - CONTROL NUMBER IDENTIFIER |
| control field |
DO-SdBPM |
| 005 - DATE AND TIME OF LATEST TRANSACTION |
| control field |
20250623104259.0 |
| 007 - PHYSICAL DESCRIPTION FIXED FIELD--GENERAL INFORMATION |
| fixed length control field |
ta |
| 008 - FIXED-LENGTH DATA ELEMENTS--GENERAL INFORMATION |
| fixed length control field |
090928s1986 dr 001 0 spa d |
| 040 ## - CATALOGING SOURCE |
| Original cataloging agency |
DO-SdBPM |
| Language of cataloging |
spa |
| Transcribing agency |
BPMSU |
| Description conventions |
rda |
| 041 ## - LANGUAGE CODE |
| Language code of original |
spa |
| 082 #4 - DEWEY DECIMAL CLASSIFICATION NUMBER |
| Classification number |
RD861.4409 |
| Item number |
B142p, 1986 |
| Edition number |
22 |
| 100 1# - MAIN ENTRY--PERSONAL NAME |
| Personal name |
Baeza Flores, Alberto, |
| Dates associated with a name |
1914-1998 |
| Relator term |
autor |
| Relator code |
aut. |
| 245 13 - TITLE STATEMENT |
| Title |
La poesía dominicana en el siglo XX : |
| Remainder of title |
historia, crítica, estudio comparativo y estilístico / |
| Statement of responsibility, etc. |
Alberto Baeza Flores ; prólogo, Héctor Inchaustegui Cabral, introducción, Cándido Gerón. |
| 264 #4 - PRODUCTION, PUBLICATION, DISTRIBUTION, MANUFACTURE, AND COPYRIGHT NOTICE |
| Place of production, publication, distribution, manufacture |
Santo Domingo : |
| Name of producer, publisher, distributor, manufacturer |
Biblioteca Nacional Pedro Henríquez Ureña (BNPHU), |
| Date of production, publication, distribution, manufacture, or copyright notice |
©1986. |
| 300 ## - PHYSICAL DESCRIPTION |
| Extent |
volumen ; |
| Dimensions |
22 cm. |
| 336 ## - CONTENT TYPE |
| Content type term |
texto |
| Content type code |
txt |
| Source |
rdacontent |
| 337 ## - MEDIA TYPE |
| Media type term |
sin mediación |
| Media type code |
n |
| Source |
rdamedia |
| 338 ## - CARRIER TYPE |
| Carrier type term |
volumen |
| Carrier type code |
nc |
| Source |
rdacarrier |
| 490 0# - SERIES STATEMENT |
| Series statement |
Colección Orfeo |
| 500 ## - GENERAL NOTE |
| General note |
"La Universidad Madre y Maestra publicó los dos primeros tomos de esta obra" |
| 500 ## - GENERAL NOTE |
| General note |
Incluye índice de autores |
| 505 0# - FORMATTED CONTENTS NOTE |
| Miscellaneous information |
v.3. |
| Formatted contents note |
De la poesía sorprendida a entre las soledades, expresiones plurales de lo dominicano, análisis antológico del medio siglo, la isla necesaria, el libro vulnerado y los poetas de 1948 (1947-1961) -- v.4 Brigadas dominicanas, baluarte, testimonio, poesía patriótica, social y revolucionaria, los poetas de 1965, el pluralismo y las nuevas vanguardias, los poetas en provincias, consideraciones finales, apéndices y bibliografías (1961-1980) |
| 590 ## - LOCAL NOTE (RLIN) |
| Local note |
Inventariado, 2025/VM |
| 650 #7 - SUBJECT ADDED ENTRY--TOPICAL TERM |
| Topical term or geographic name as entry element |
Poesía dominicana |
| General subdivision |
Historia y crítica |
| Chronological subdivision |
Siglo XX |
| 650 #7 - SUBJECT ADDED ENTRY--TOPICAL TERM |
| Topical term or geographic name as entry element |
Poesía patriótica dominicana |
| Chronological subdivision |
Siglo XX |
| 650 #7 - SUBJECT ADDED ENTRY--TOPICAL TERM |
| Topical term or geographic name as entry element |
Poesía revolucionaria dominicana |
| Chronological subdivision |
Siglo XX |
| 700 1# - ADDED ENTRY--PERSONAL NAME |
| Personal name |
Gerón, Candido, |
| Dates associated with a name |
1948- |
| 710 2# - ADDED ENTRY--CORPORATE NAME |
| Corporate name or jurisdiction name as entry element |
República Dominicana |
| Subordinate unit |
Biblioteca Nacional Pedro Henríquez Ureña |
| 910 ## - USER-OPTION DATA (OCLC) |
| User-option data |
VMateo V. Control de calidad. BPMSU |
| 942 ## - ADDED ENTRY ELEMENTS (KOHA) |
| Source of classification or shelving scheme |
Dewey Decimal Classification |
| Koha item type |
Libros |